Statistics for World Capitals Closest to the Remotest Point at Sea

Click here to take the quiz!

General Stats

  • This quiz has been taken 210 times
  • The average score is 15 of 20

Answer Stats

kmCapitalmiles% Correct
4796Wellington2980
94%
4628Santiago2876
93%
6979Canberra4337
91%
5907Lima3670
89%
6910Quito4294
88%
7622Bogotá4736
85%
5453Buenos Aires3388
84%
6195Suva3850
84%
6123La Paz3804
80%
5592Montevideo3474
79%
5878Apia3652
78%
7645Brasilia4750
77%
6182Asunción3842
73%
5498Nuku'alofa3416
70%
6963Port Vila4326
67%
6956Funafuti4322
64%
7734Panama City4806
63%
7592San José4717
61%
7709Managua4790
59%
7735San Salvador4807
56%

Score Distribution

Percentile by Number Answered

Percent of People with Each Score

Your Score History

You have not taken this quiz